[Event "Marmaris Karya 14th"]
[Site "Marmaris"]
[Date "2022.02.03"]
[Round "6.5"]
[White "Ahmad, Al Khatib"]
[Black "Kizilkus, Akin"]
[Result "1/2-1/2"]
[WhiteElo "2219"]
[BlackElo "2275"]
[PlyCount "59"]
[EventDate "2022.02.01"]
[EventType "schev"]
[EventRounds "10"]
[EventCountry "TUR"]
[SourceTitle "CBM 206 Extra"]
[Source "ChessBase"]
[SourceDate "2022.03.31"]
[SourceVersion "1"]
[SourceVersionDate "2022.03.31"]
[SourceQuality "1"]
[WhiteTeam "White Team"]
[BlackTeam "Black Team"]
[WhiteTeamCountry "AZE"]
[BlackTeamCountry "TUR"]

1. e4 e6 2. d4 d5 3. exd5 exd5 4. Nf3 Bd6 5. c4 Nf6 6. Nc3 0-0 7. cxd5 Nbd7 8. Bg5 h6 9. Bh4 Nb6 10. Be2 Be7 11. Bxf6 Bxf6 12. Qb3 a5 13. 0-0 Bf5 14. Ne5 Qe7 15. Bf3 Bxe5 16. dxe5 Qxe5 17. Rfe1 Qf4 18. d6 Qxd6 19. Nb5 Qd7 20. Red1 Qe7 21. Rac1 a4 22. Qc3 c6 23. Re1 Qd7 24. Rcd1 Nd5 25. Bxd5 cxd5 26. Nc7 Rac8 27. Rxd5 Rxc7 28. Qa5 Qc8 29. Rxf5 Rc2 30. Rfe5 1/2-1/2

[Event "Marmaris Karya 14th"]
[Site "Marmaris"]
[Date "2022.02.01"]
[Round "1.5"]
[White "Kizilkus, Akin"]
[Black "Ahmad, Al Khatib"]
[Result "1/2-1/2"]
[WhiteElo "2275"]
[BlackElo "2219"]
[PlyCount "67"]
[EventDate "2022.02.01"]
[EventType "schev"]
[EventRounds "10"]
[EventCountry "TUR"]
[SourceTitle "CBM 206 Extra"]
[Source "ChessBase"]
[SourceDate "2022.03.31"]
[SourceVersion "1"]
[SourceVersionDate "2022.03.31"]
[SourceQuality "1"]
[WhiteTeam "Black Team"]
[BlackTeam "White Team"]
[WhiteTeamCountry "TUR"]
[BlackTeamCountry "AZE"]

1. d4 Nf6 2. c4 e6 3. Nc3 Bb4 4. e3 0-0 5. Bd2 d5 6. Nf3 b6 7. cxd5 exd5 8. Bd3 Ba6 9. Bxa6 Nxa6 10. 0-0 Qc8 11. Rc1 Qb7 12. a3 Be7 13. Ne5 c5 14. f4 b5 15. dxc5 Nxc5 16. Be1 Nce4 17. Qb3 Bc5 18. Nxe4 Nxe4 19. Rd1 Rad8 20. Bb4 Bxb4 21. Qxb4 Nd6 22. Qc5 Nc4 23. Nxc4 dxc4 24. Rd4 Rxd4 25. Qxd4 Re8 26. Rd1 g6 27. Kf2 a5 28. g3 Rc8 29. Qd5 Qxd5 30. Rxd5 c3 31. bxc3 Rxc3 32. Rxb5 Rxa3 33. Ke2 Ra2+ 34. Kf3 1/2-1/2

[Event "World Cup U18 Prel"]
[Site "Tornelo INT"]
[Date "2021.08.20"]
[Round "9"]
[White "Arhan, Chethan Anand"]
[Black "Kizilkus, Akin"]
[Result "1-0"]
[WhiteElo "1915"]
[BlackElo "2336"]
[PlyCount "131"]
[EventDate "2021.08.16"]
[EventType "swiss (rapid)"]
[EventRounds "10"]
[EventCountry "NET"]
[SourceTitle "CBM 203 Extra"]
[Source "ChessBase"]
[SourceDate "2021.09.30"]
[SourceVersion "1"]
[SourceVersionDate "2021.09.30"]
[SourceQuality "1"]

1. d4 Nf6 2. c4 g6 3. Nc3 Bg7 4. e4 d6 5. Be2 0-0 6. Be3 e5 7. d5 Na6 8. g4 Nc5 9. f3 h5 10. g5 Nh7 11. h4 f6 12. gxf6 Bxf6 13. Bf2 Be7 14. Kd2 Rf4 15. Qe1 Bd7 16. b3 c6 17. Kc2 Rc8 18. Rd1 Qa5 19. Kb2 Qb4 20. dxc6 Bxc6 21. Nh3 Rf7 22. Rg1 Rg7 23. Nd5 Qxe1 24. Bxe1 Bd8 25. Bf2 a5 26. a3 Bd7 27. Rh1 Be6 28. b4 axb4 29. axb4 Na6 30. Kb3 Kf7 31. Nb6 Bxb6 32. Bxb6 Ke7 33. Nf2 Rc6 34. Be3 b5 35. Rc1 Rg8 36. Ka3 Bxc4 37. Bxc4 Rxc4 38. Rxc4 bxc4 39. b5 Nc5 40. Kb4 Nd3+ 41. Nxd3 cxd3 42. Ra1 Nf6 43. b6 d5 44. Ra7+ Ke6 45. b7 d4 46. Ra6+ Kf7 47. Bg5 Nd7 48. Rd6 Nb8 49. Kb5 Re8 50. Rf6+ Ke7 51. Rxg6+ Kd7 52. Kb6 Re6+ 53. Rxe6 Kxe6 54. Kc7 Na6+ 55. Kc8 Kd6 56. Bd2 Kc5 57. f4 exf4 58. Bxf4 Kc4 59. b8Q Nxb8 60. Kxb8 d2 61. Bxd2 Kd3 62. e5 Kxd2 63. e6 d3 64. e7 Kc1 65. e8Q d2 66. Qxh5 1-0

[Event "World Cup U18 Prel"]
[Site "Tornelo INT"]
[Date "2021.08.20"]
[Round "10"]
[White "Kizilkus, Akin"]
[Black "Vazquez, Facundo"]
[Result "1-0"]
[WhiteElo "2336"]
[BlackElo "2199"]
[PlyCount "131"]
[EventDate "2021.08.16"]
[EventType "swiss (rapid)"]
[EventRounds "10"]
[EventCountry "NET"]
[SourceTitle "CBM 203 Extra"]
[Source "ChessBase"]
[SourceDate "2021.09.30"]
[SourceVersion "1"]
[SourceVersionDate "2021.09.30"]
[SourceQuality "1"]

1. d4 Nf6 2. c4 g6 3. Nc3 Bg7 4. e4 d6 5. h3 0-0 6. Bg5 c5 7. d5 e6 8. Bd3 exd5 9. cxd5 Re8 10. Nf3 c4 11. Bc2 b5 12. a3 Nbd7 13. 0-0 Nc5 14. Re1 Qb6 15. Qd2 Nfd7 16. Rad1 a5 17. Be3 b4 18. Na4 Qb5 19. Nxc5 dxc5 20. a4 Qb6 21. Qc1 Ba6 22. Bh6 Bh8 23. d6 Bb7 24. Bf4 c3 25. b3 Rad8 26. Bg5 f6 27. Bh4 Ne5 28. Nxe5 Rxe5 29. f4 Rh5 30. Bg3 Rxd6 31. Rxd6 Qxd6 32. Rd1 Qe7 33. Qe3 Bg7 34. Bd3 h6 35. Be2 Bxe4 36. Bxh5 gxh5 37. f5 Qb7 38. Qxc5 c2 39. Rd8+ Kh7 40. Rd2 Qf7 41. Rxc2 Bxc2 42. Qxc2 Qd5 43. Bf2 Bf8 44. Qc7+ Kg8 45. Qc2 Bd6 46. Kf1 Qe5 47. Qc4+ Kh7 48. Qf7+ Kh8 49. Qxh5 Qa1+ 50. Be1 Be5 51. Qxh6+ Kg8 52. Qg6+ Kh8 53. Qh5+ Kg8 54. Qf3 Bc3 55. Qe3 Qb1 56. Qe6+ Kh7 57. Kf2 Bxe1+ 58. Qxe1 Qxb3 59. Qe7+ Kg8 60. Qd8+ Kh7 61. Qxf6 Qc2+ 62. Kg3 b3 63. Qf7+ Kh8 64. f6 Qc3+ 65. Kh4 Qd4+ 66. g4 1-0

[Event "World Cup U18 Prel"]
[Site "Tornelo INT"]
[Date "2021.08.18"]
[Round "6"]
[White "Kizilkus, Akin"]
[Black "Namitbir, Singh Walia"]
[Result "1-0"]
[WhiteElo "2336"]
[BlackElo "2093"]
[PlyCount "119"]
[EventDate "2021.08.16"]
[EventType "swiss (rapid)"]
[EventRounds "10"]
[EventCountry "NET"]
[SourceTitle "CBM 203 Extra"]
[Source "ChessBase"]
[SourceDate "2021.09.30"]
[SourceVersion "1"]
[SourceVersionDate "2021.09.30"]
[SourceQuality "1"]

1. d4 Nf6 2. c4 e6 3. Nc3 Bb4 4. e3 0-0 5. Bd2 b6 6. Bd3 Bb7 7. Nf3 d6 8. 0-0 Nbd7 9. b3 Bxc3 10. Bxc3 Ne4 11. Bb2 f5 12. Nd2 Ndf6 13. f3 Nxd2 14. Qxd2 Qe7 15. Rae1 Rad8 16. Qc3 Nd7 17. e4 fxe4 18. Bxe4 Bxe4 19. Rxe4 Rde8 20. Rfe1 Qf7 21. Qe3 e5 22. dxe5 Nc5 23. e6 Qf5 24. Qc3 Rf6 25. R4e3 Rexe6 26. Rxe6 Nxe6 27. Qd2 Rg6 28. Kh1 h6 29. Re4 Ng5 30. Re8+ Kh7 31. Re3 Ne6 32. g3 Nc5 33. Bd4 Ne6 34. Bc3 Ng5 35. Qe2 Re6 36. Rxe6 Nxe6 37. Kg2 Ng5 38. Bd4 Qh3+ 39. Kg1 Qf5 40. f4 Ne4 41. Qd3 Kg6 42. Kg2 Nf6 43. Qxf5+ Kxf5 44. Kf3 h5 45. h3 c6 46. Bc3 g5 47. Bxf6 Kxf6 48. g4 hxg4+ 49. Kxg4 gxf4 50. Kxf4 Kg6 51. h4 Kf6 52. h5 a5 53. h6 Kg6 54. h7 Kxh7 55. Kf5 d5 56. cxd5 cxd5 57. Ke5 b5 58. Kxd5 a4 59. b4 Kg6 60. Kc5 1-0

[Event "World Cup U18 Prel"]
[Site "Tornelo INT"]
[Date "2021.08.17"]
[Round "4"]
[White "Kizilkus, Akin"]
[Black "Espinoza Solano, Jose Nahum"]
[Result "1-0"]
[WhiteElo "2336"]
[BlackElo "2151"]
[PlyCount "93"]
[EventDate "2021.08.16"]
[EventType "swiss (rapid)"]
[EventRounds "10"]
[EventCountry "NET"]
[SourceTitle "CBM 203 Extra"]
[Source "ChessBase"]
[SourceDate "2021.09.30"]
[SourceVersion "1"]
[SourceVersionDate "2021.09.30"]
[SourceQuality "1"]

1. d4 Nf6 2. c4 g6 3. Nc3 Bg7 4. e4 d6 5. h3 0-0 6. Bg5 Nbd7 7. Nf3 h6 8. Be3 e5 9. d5 Kh7 10. Bd3 Nh5 11. Qd2 Nf4 12. Bxf4 exf4 13. Qxf4 Ne5 14. Nxe5 Bxe5 15. Qd2 f5 16. exf5 Bxf5 17. 0-0 Qh4 18. Bxf5 Rxf5 19. Qd3 Raf8 20. Ne4 b6 21. Rab1 Rf3 22. Qe2 R3f4 23. Rbe1 Qe7 24. g3 Rf3 25. Kg2 Qg7 26. b3 R3f7 27. f4 Bf6 28. Nxf6+ Qxf6 29. Qd2 Re7 30. Rxe7+ Qxe7 31. Re1 Qf7 32. Qe3 Qf5 33. Qe6 Qxe6 34. Rxe6 Rf7 35. Re8 Kg7 36. Kf3 a5 37. Ke4 h5 38. g4 hxg4 39. hxg4 Kh7 40. f5 gxf5+ 41. gxf5 Rg7 42. f6 Rg4+ 43. Kf5 Rg1 44. f7 Rf1+ 45. Ke6 Re1+ 46. Kd7 Rf1 47. f8Q 1-0

[Event "Mersin op 4th"]
[Site "Mersin"]
[Date "2019.11.20"]
[Round "7"]
[White "Isik, Alparslan"]
[Black "Kizilkus, Akin"]
[Result "1-0"]
[WhiteElo "2287"]
[BlackElo "2381"]
[PlyCount "69"]
[EventDate "2019.11.16"]
[EventType "swiss"]
[EventRounds "9"]
[EventCountry "TUR"]
[SourceTitle "CBM 193 Extra"]
[Source "ChessBase"]
[SourceDate "2020.01.31"]
[SourceVersion "1"]
[SourceVersionDate "2020.01.31"]
[SourceQuality "1"]

1. d4 Nf6 2. c4 g6 3. Nc3 d5 4. cxd5 Nxd5 5. e4 Nxc3 6. bxc3 Bg7 7. Qa4+ Nd7 8. Nf3 0-0 9. Be2 a6 10. 0-0 b5 11. Qc2 Nb6 12. Ba3 Bb7 13. Rfe1 Re8 14. Rad1 Qd7 15. Nd2 Rad8 16. Nb3 Qc8 17. Nc5 Ba8 18. Bb2 e5 19. f3 Bc6 20. Qb3 Rd6 21. d5 Ba8 22. Ba3 Rdd8 23. c4 bxc4 24. Bxc4 Nxc4 25. Qxc4 Bf8 26. Re3 a5 27. Na6 Bxa3 28. Rxa3 c6 29. d6 Re6 30. Rad3 Qb7 31. Nc5 Qa7 32. Kh1 Ree8 33. Ra3 Qb8 34. d7 Re7 35. h3 1-0

[Event "Mersin op 4th"]
[Site "Mersin"]
[Date "2019.11.19"]
[Round "6"]
[White "Kizilkus, Akin"]
[Black "Yakubboev, Nodirbek"]
[Result "1/2-1/2"]
[WhiteElo "2381"]
[BlackElo "2603"]
[PlyCount "175"]
[EventDate "2019.11.16"]
[EventType "swiss"]
[EventRounds "9"]
[EventCountry "TUR"]
[SourceTitle "CBM 193 Extra"]
[Source "ChessBase"]
[SourceDate "2020.01.31"]
[SourceVersion "1"]
[SourceVersionDate "2020.01.31"]
[SourceQuality "1"]

1. d4 f5 2. g3 Nf6 3. Bg2 g6 4. Nf3 Bg7 5. 0-0 0-0 6. c4 d6 7. Nc3 c6 8. Rb1 a5 9. a3 Qc7 10. d5 Re8 11. Nd4 e5 12. dxe6 Bxe6 13. Nxe6 Rxe6 14. b4 axb4 15. axb4 Nbd7 16. Qb3 Rae8 17. Rd1 h6 18. Ba3 Kh7 19. b5 Ne5 20. bxc6 bxc6 21. Qa4 Nfd7 22. Qa6 Rb8 23. e3 Rb6 24. Rxb6 Qxb6 25. Qa4 Nc5 26. Bxc5 dxc5 27. Rb1 Qc7 28. Qa6 Re7 29. Na4 Qd6 30. Qb6 Qd3 31. Nxc5 Qxc4 32. Qb4 Qc2 33. h3 Ra7 34. Qb6 Ra2 35. Rf1 Qc4 36. Qb3 Qxb3 37. Nxb3 Rb2 38. Nc5 Rc2 39. Nb3 Rc3 40. Nc1 c5 41. Rd1 c4 42. f4 Nf7 43. Kf2 h5 44. Ne2 Rd3 45. Rxd3 cxd3 46. Nd4 Nd6 47. Bd5 Kh6 48. Ne6 Bc3 49. Nc5 d2 50. Ke2 Bb4 51. Nb3 Nb5 52. Bg2 Nc3+ 53. Kxd2 Ne4+ 54. Ke2 Nxg3+ 55. Kf2 h4 56. Nd4 Kg7 57. Ne2 Nh5 58. Nd4 Bc3 59. Ne2 Bd2 60. Nd4 Ba5 61. Nf3 Bd8 62. Nd4 Kf6 63. Bd5 Bb6 64. Ne2 Ke7 65. Kf3 Nf6 66. Bb7 Bc5 67. Nc3 Ke6 68. e4 fxe4+ 69. Nxe4 Nxe4 70. Bxe4 Kf6 71. Kg4 Bf2 72. Bd3 Bg3 73. Be4 Be1 74. Bb1 Bd2 75. Bc2 Be3 76. Bb1 Bf2 77. Bd3 Be3 78. Bb1 g5 79. fxg5+ Bxg5 80. Bc2 Bc1 81. Bb1 Kg7 82. Kxh4 Kh8 83. Kg4 Bb2 84. h4 Bc1 85. h5 Bd2 86. h6 Bxh6 87. Kh5 Bg5 88. Kxg5 1/2-1/2

[Event "Mersin op 4th"]
[Site "Mersin"]
[Date "2019.11.17"]
[Round "3"]
[White "Kizilkus, Akin"]
[Black "Iskandarov, Misratdin"]
[Result "0-1"]
[WhiteElo "2381"]
[BlackElo "2501"]
[PlyCount "56"]
[EventDate "2019.11.16"]
[EventType "swiss"]
[EventRounds "9"]
[EventCountry "TUR"]
[SourceTitle "CBM 193 Extra"]
[Source "ChessBase"]
[SourceDate "2020.01.31"]
[SourceVersion "1"]
[SourceVersionDate "2020.01.31"]
[SourceQuality "1"]

1. d4 Nf6 2. c4 e6 3. Nc3 Bb4 4. Qc2 0-0 5. a3 Bxc3+ 6. Qxc3 d6 7. Nf3 Nbd7 8. e3 b6 9. Be2 Bb7 10. 0-0 Ne4 11. Qc2 f5 12. b4 Rf6 13. d5 Rh6 14. Bb2 e5 15. g3 c6 16. Rfd1 c5 17. Ne1 Qg5 18. Ng2 Rh3 19. Bf1 Ndf6 20. f3 Nxg3 21. hxg3 Qxg3 22. Be2 Rf8 23. Rf1 Rh2 24. Bd1 Qh3 25. Qe2 Ng4 26. fxg4 Rh1+ 27. Kf2 fxg4+ 28. Nf4 Qh4+ 0-1

[Event "World ol U16"]
[Site "Corum"]
[Date "2019.11.05"]
[Round "9.8"]
[White "Borhy, Marcell Boldizsar"]
[Black "Kizilkus, Akin"]
[Result "1/2-1/2"]
[WhiteElo "2321"]
[BlackElo "2381"]
[PlyCount "59"]
[EventDate "2019.10.29"]
[EventType "team-swiss"]
[EventRounds "9"]
[EventCountry "TUR"]
[SourceTitle "CBM 192 Extra"]
[Source "Chessbase"]
[SourceDate "2019.11.06"]
[SourceVersion "1"]
[SourceVersionDate "2019.11.06"]
[SourceQuality "1"]
[WhiteTeam "Hungary"]
[BlackTeam "Turkey Red"]
[WhiteTeamCountry "HUN"]
[BlackTeamCountry "TUR"]

1. Nf3 Nf6 2. g3 g6 3. c4 Bg7 4. d4 0-0 5. Bg2 d5 6. cxd5 Nxd5 7. 0-0 Nb6 8. Nc3 Nc6 9. d5 Na5 10. Qc2 Nxd5 11. Rd1 c6 12. Ne1 Bd7 13. Nxd5 cxd5 14. Rxd5 e6 15. Rd3 Qc8 16. Qxc8 Bxc8 17. Bd2 Nc4 18. Bc3 Rb8 19. Bxg7 Kxg7 20. b3 Ne5 21. Rd6 b6 22. Nd3 Nxd3 23. Rxd3 Bb7 24. Rd7 Bxg2 25. Kxg2 Rfc8 26. Rad1 a5 27. R1d6 Kf8 28. Ra7 Rd8 29. Rc6 Rdc8 30. Rd6 1/2-1/2

[Event "World ol U16"]
[Site "Corum"]
[Date "2019.11.04"]
[Round "8.11"]
[White "Baranciuc, Alexandr"]
[Black "Kizilkus, Akin"]
[Result "1/2-1/2"]
[WhiteElo "1923"]
[BlackElo "2381"]
[PlyCount "139"]
[EventDate "2019.10.29"]
[EventType "team-swiss"]
[EventRounds "9"]
[EventCountry "TUR"]
[SourceTitle "CBM 192 Extra"]
[Source "Chessbase"]
[SourceDate "2019.11.06"]
[SourceVersion "1"]
[SourceVersionDate "2019.11.06"]
[SourceQuality "1"]
[WhiteTeam "Moldova"]
[BlackTeam "Turkey Red"]
[WhiteTeamCountry "MDA"]
[BlackTeamCountry "TUR"]

1. e4 e5 2. Nf3 Nc6 3. Bc4 Bc5 4. c3 Nf6 5. d3 0-0 6. 0-0 d5 7. exd5 Nxd5 8. Nbd2 Bg4 9. Ne4 Be7 10. h3 Bh5 11. Re1 Nb6 12. Bb5 f6 13. Bxc6 bxc6 14. Ng3 Bxf3 15. Qxf3 Qd5 16. Qg4 g6 17. Nf5 Bd8 18. Bh6 Re8 19. Ng7 Re7 20. Nf5 Rd7 21. Be3 Kh8 22. Ng3 f5 23. Qb4 Be7 24. Qb3 Bf6 25. Rad1 Qxb3 26. axb3 Nd5 27. Bc5 Nf4 28. d4 exd4 29. cxd4 a5 30. Ne2 Ne6 31. Rc1 Rb8 32. Ba7 Rb7 33. Rxc6 Rd6 34. Rxd6 cxd6 35. d5 Nc7 36. Bd4 Nxd5 37. Bxf6+ Nxf6 38. Nd4 Rb4 39. Rd1 d5 40. Rd3 Kg7 41. Nc6 Rb5 42. Nd4 Rb6 43. f3 Kf7 44. Rc3 Rb4 45. Nc6 Rb5 46. Nd4 Rb6 47. Rc7+ Ke8 48. Rc6 Rxc6 49. Nxc6 Kd7 50. Nxa5 Kc7 51. Kf2 Kb6 52. b4 Kb5 53. Ke3 Kxb4 54. Nc6+ Kc5 55. Nd4 Kc4 56. Ne6 d4+ 57. Kd2 Nd7 58. b3+ Kd5 59. Nf4+ Ke5 60. Nd3+ Kd6 61. g3 Nf6 62. Ke2 Nd5 63. Nf4 Nb4 64. Kd2 g5 65. Nd3 Nd5 66. g4 Ne3 67. Nf2 fxg4 68. hxg4 h6 69. Kd3 Kd5 70. Kd2 1/2-1/2

[Event "World ol U16"]
[Site "Corum"]
[Date "2019.10.29"]
[Round "1.4"]
[White "Vujovic, Savo"]
[Black "Kizilkus, Akin"]
[Result "0-1"]
[WhiteElo "2040"]
[BlackElo "2381"]
[PlyCount "68"]
[EventDate "2019.10.29"]
[EventType "team-swiss"]
[EventRounds "9"]
[EventCountry "TUR"]
[SourceTitle "CBM 192 Extra"]
[Source "Chessbase"]
[SourceDate "2019.11.06"]
[SourceVersion "1"]
[SourceVersionDate "2019.11.06"]
[SourceQuality "1"]
[WhiteTeam "Montenegro"]
[BlackTeam "Turkey Red"]
[WhiteTeamCountry "MNE"]
[BlackTeamCountry "TUR"]

1. e4 g6 2. d4 Bg7 3. Nc3 d6 4. Be3 Nf6 5. f3 a6 6. Qd2 b5 7. Bh6 0-0 8. h4 c5 9. Nce2 Nc6 10. h5 Bxh6 11. Qxh6 cxd4 12. hxg6 fxg6 13. g4 Rf7 14. 0-0-0 e5 15. Nh3 Qa5 16. Ng5 Rg7 17. Kb1 Bd7 18. c3 dxc3 19. Nxc3 Nd4 20. Ne2 Nxe2 21. Bxe2 Qb6 22. Rd2 a5 23. Rhd1 Ne8 24. a4 Rc8 25. Rh1 Qe3 26. Nf7 Qb3 27. Ng5 bxa4 28. Bd1 Qe3 29. Nf7 Qc5 30. Rc2 Qb4 31. Ng5 Rxc2 32. Bxc2 a3 33. b3 Qc3 34. Kc1 a2 0-1

[Event "Marmaris Karya 10th"]
[Site "Marmaris"]
[Date "2019.09.02"]
[Round "9.2"]
[White "Kizilkus, Akin"]
[Black "Rakhmangulova, Anastasiya"]
[Result "1-0"]
[WhiteElo "2376"]
[BlackElo "2204"]
[PlyCount "107"]
[EventDate "2019.08.28"]
[EventType "schev"]
[EventRounds "10"]
[EventCountry "TUR"]
[SourceTitle "EXT 2020"]
[Source "ChessBase"]
[SourceDate "2019.10.17"]
[SourceVersion "1"]
[SourceVersionDate "2019.10.17"]
[SourceQuality "1"]

1. d4 d5 2. c4 c6 3. e3 Nf6 4. Nc3 e6 5. Nf3 Nbd7 6. Qc2 Bd6 7. b3 0-0 8. Be2 b6 9. 0-0 Bb7 10. Bb2 Rc8 11. Rad1 Qe7 12. e4 dxe4 13. Nxe4 Nxe4 14. Qxe4 Rfd8 15. Bd3 Nf8 16. Rfe1 Qc7 17. Qg4 Ng6 18. Qh5 Be7 19. Bb1 Bf6 20. Ng5 Bxg5 21. Qxg5 b5 22. h4 bxc4 23. bxc4 c5 24. dxc5 h6 25. Qg4 Qf4 26. Qxf4 Nxf4 27. g3 Ng6 28. f4 Nf8 29. Kf2 Nd7 30. Ba3 Nf6 31. Bc2 Rxd1 32. Rxd1 Ne4+ 33. Ke3 Nxg3 34. Rd7 Bc6 35. Rxa7 Nf5+ 36. Bxf5 exf5 37. Kd4 Re8 38. Rc7 Re6 39. Bc1 Kf8 40. Kc3 Ke8 41. Kb4 Bd7 42. a4 Ra6 43. a5 Kd8 44. Rb7 Kc8 45. Rb6 Rxb6+ 46. cxb6 Kb7 47. Kc5 Be6 48. a6+ Kxa6 49. Kc6 Bxc4 50. b7 Bd5+ 51. Kxd5 Kxb7 52. Kd6 Kc8 53. Ke7 f6 54. h5 1-0

[Event "TUR-chT 2nd League"]
[Site "Konya"]
[Date "2019.07.26"]
[Round "7.5"]
[White "Bicer, Atakan Mert"]
[Black "Kizilkus, Akin"]
[Result "1/2-1/2"]
[WhiteElo "1870"]
[BlackElo "2162"]
[PlyCount "82"]
[EventDate "2019.07.22"]
[EventType "team-swiss"]
[EventRounds "9"]
[EventCountry "TUR"]
[SourceTitle "CBM 191 Extra"]
[Source "ChessBase"]
[SourceDate "2019.09.30"]
[SourceVersion "1"]
[SourceVersionDate "2019.09.30"]
[SourceQuality "1"]
[WhiteTeam "Eskiseh Tasci"]
[BlackTeam "Ego Spor"]
[WhiteTeamCountry "TUR"]
[BlackTeamCountry "TUR"]

1. c4 Nf6 2. g3 g6 3. Bg2 Bg7 4. Nc3 0-0 5. d3 d6 6. Rb1 a5 7. a3 e5 8. Nf3 Re8 9. e4 c6 10. 0-0 Na6 11. b4 axb4 12. axb4 h6 13. Be3 Ng4 14. Bd2 Be6 15. Qc1 Kh7 16. h3 Nf6 17. g4 Ng8 18. Rd1 f5 19. gxf5 gxf5 20. Ne2 Qd7 21. exf5 Bxf5 22. Nh4 Bxd3 23. Be3 e4 24. Rxd3 exd3 25. Qd2 Nf6 26. Qxd3+ Kg8 27. Nf5 h5 28. Nxd6 Re6 29. c5 Nd5 30. Bxd5 cxd5 31. Qxd5 Nc7 32. Qxh5 Re5 33. Qg6 Nd5 34. Nf4 Nxe3 35. fxe3 Qe7 36. Qd3 Rxe3 37. Qd5+ Kh7 38. Qh5+ Kg8 39. Qd5+ Kh7 40. Qh5+ Kg8 41. Qd5+ Kh7 1/2-1/2

[Event "TUR-chT 2nd League"]
[Site "Konya"]
[Date "2019.07.23"]
[Round "2.2"]
[White "Kizilkus, Akin"]
[Black "Ozenir, Ekin Baris"]
[Result "0-1"]
[WhiteElo "2162"]
[BlackElo "2235"]
[PlyCount "90"]
[EventDate "2019.07.22"]
[EventType "team-swiss"]
[EventRounds "9"]
[EventCountry "TUR"]
[SourceTitle "CBM 191 Extra"]
[Source "ChessBase"]
[SourceDate "2019.09.30"]
[SourceVersion "1"]
[SourceVersionDate "2019.09.30"]
[SourceQuality "1"]
[WhiteTeam "Ego Spor"]
[BlackTeam "Beyazkale Satranc Evi"]
[WhiteTeamCountry "TUR"]
[BlackTeamCountry "TUR"]

1. d4 Nf6 2. c4 e6 3. Nc3 Bb4 4. e3 0-0 5. Nge2 d5 6. a3 Bd6 7. Ng3 c5 8. dxc5 Bxc5 9. b4 Be7 10. Bb2 a5 11. b5 dxc4 12. Bxc4 Nbd7 13. 0-0 Qc7 14. Qe2 b6 15. Rac1 Bb7 16. Bd3 Qd8 17. f4 Re8 18. Kh1 Rc8 19. Bb1 Rc7 20. e4 e5 21. f5 Nc5 22. Rcd1 Qa8 23. Nd5 Bxd5 24. exd5 Bd6 25. Nh5 Nxh5 26. Qxh5 f6 27. Qg4 Qd8 28. Rf3 Qe7 29. a4 Rec8 30. Rh3 Qf7 31. Qh4 h6 32. Rg3 Kf8 33. Re3 Nb7 34. Re4 Bc5 35. d6 Nxd6 36. Rg4 Rd7 37. Qe1 Rcd8 38. Rc1 Qh5 39. h3 Nxf5 40. Re4 Nd4 41. Ba2 Nc2 42. Qc3 Rd1+ 43. Rxd1 Qxd1+ 44. Kh2 Bg1+ 45. Kg3 Rd3+ 0-1

[Event "Ankara Baskent Univ op 4th"]
[Site "Ankara"]
[Date "2019.06.18"]
[Round "3"]
[White "Kizilkus, Akin"]
[Black "Ergani, Efe"]
[Result "1/2-1/2"]
[WhiteElo "2131"]
[BlackElo "1748"]
[PlyCount "83"]
[EventDate "2019.06.17"]
[EventType "swiss"]
[EventRounds "9"]
[EventCountry "TUR"]
[SourceTitle "CBM 191 Extra"]
[Source "ChessBase"]
[SourceDate "2019.09.30"]
[SourceVersion "1"]
[SourceVersionDate "2019.09.30"]
[SourceQuality "1"]

1. d4 Nf6 2. c4 c5 3. d5 e6 4. Nc3 exd5 5. cxd5 d6 6. e4 g6 7. Bd3 Bg7 8. h3 0-0 9. Bg5 Na6 10. Nf3 Nc7 11. a4 Rb8 12. 0-0 a6 13. a5 b5 14. axb6 Rxb6 15. Qc2 Nb5 16. Be3 Nd7 17. Nd2 Ne5 18. Nxb5 axb5 19. Be2 Rb8 20. Kh1 f5 21. f4 Nf7 22. Bf3 fxe4 23. Nxe4 Re8 24. Bf2 b4 25. Qd2 Bf5 26. Rfe1 Ra8 27. Ng3 Nh6 28. Be2 Qf6 29. Nxf5 Nxf5 30. Rxa8 Rxa8 31. g4 Nd4 32. Bd1 Qf7 33. Bxd4 Qxd5+ 34. Qg2 Qxg2+ 35. Kxg2 Bxd4 36. Bf3 Ra7 37. Bd5+ Kf8 38. b3 Ra2+ 39. Kh1 Rf2 40. Re6 Rxf4 41. Rxd6 Rf2 42. Re6 1/2-1/2

[Event "Ordu op 5th"]
[Site "Ordu"]
[Date "2019.04.30"]
[Round "3"]
[White "Kizilkus, Akin"]
[Black "Hamidi, Amir Mohammad"]
[Result "1/2-1/2"]
[WhiteElo "2018"]
[BlackElo "2217"]
[PlyCount "114"]
[EventDate "2019.04.29"]
[EventType "swiss"]
[EventRounds "9"]
[EventCountry "TUR"]
[SourceTitle "CBM 190 Extra"]
[Source "ChessBase"]
[SourceDate "2019.07.15"]
[SourceVersion "1"]
[SourceVersionDate "2019.07.15"]
[SourceQuality "1"]

1. d4 Nf6 2. c4 e6 3. Nc3 Bb4 4. e3 0-0 5. Nge2 d5 6. a3 Be7 7. cxd5 exd5 8. Nf4 a5 9. Bd3 b6 10. 0-0 Bb7 11. f3 c5 12. Bc2 Bd6 13. Nd3 Re8 14. Nb5 Bf8 15. Ne5 Nbd7 16. f4 Ne4 17. Nc3 Ndf6 18. Bd2 cxd4 19. exd4 Rc8 20. Rc1 Nxc3 21. Bxc3 Ne4 22. Be1 f6 23. Ng4 Qd7 24. Ne3 f5 25. Bh4 g6 26. g4 Bg7 27. gxf5 gxf5 28. Kh1 Qf7 29. Rg1 Kh8 30. Rg2 Rg8 31. Qd3 Bh6 32. Rf1 Qh5 33. Bg5 Bxg5 34. fxg5 Rxg5 35. Rxg5 Qxg5 36. Nxf5 Rf8 37. Ng3 Rf4 38. Rf3 Qg4 39. Kg2 h5 40. Rxf4 Qxf4 41. Qf3 Qd2+ 42. Qe2 h4 43. Qxd2 Nxd2 44. Nf5 Nc4 45. Bb3 Nxb2 46. Nxh4 a4 47. Ba2 Nc4 48. Ng6+ Kg7 49. Nf4 Nxa3 50. Bxd5 Bxd5+ 51. Nxd5 Nc4 52. Kf2 b5 53. Ke2 Nb6 54. Nb4 a3 55. Kd2 Nd5 56. Na2 b4 57. Kc2 Kf6 1/2-1/2

[Event "Ordu op 5th"]
[Site "Ordu"]
[Date "2019.04.29"]
[Round "1"]
[White "Tanriverdi, Enes"]
[Black "Kizilkus, Akin"]
[Result "1-0"]
[WhiteElo "2348"]
[BlackElo "2018"]
[PlyCount "113"]
[EventDate "2019.04.29"]
[EventType "swiss"]
[EventRounds "9"]
[EventCountry "TUR"]
[SourceTitle "CBM 190 Extra"]
[Source "ChessBase"]
[SourceDate "2019.07.15"]
[SourceVersion "1"]
[SourceVersionDate "2019.07.15"]
[SourceQuality "1"]

1. c4 Nf6 2. d4 g6 3. Nc3 Bg7 4. e4 d6 5. Be2 0-0 6. Be3 e5 7. d5 Na6 8. g4 Nc5 9. f3 a5 10. h4 h5 11. g5 Nh7 12. Kd2 Bd7 13. Kc2 f6 14. gxf6 Bxf6 15. Qe1 Kh8 16. Qg3 Rg8 17. Qf2 Qe7 18. Re1 a4 19. Bd1 c6 20. f4 exf4 21. Bxc5 dxc5 22. e5 Bf5+ 23. Kc1 Bg7 24. Nf3 a3 25. b3 b5 26. d6 Qa7 27. Ne4 bxc4 28. Qxc5 cxb3 29. Bxb3 Rge8 30. Qxa7 Rxa7 31. Ned2 Nf8 32. Nc4 Ne6 33. Bc2 Bxc2 34. Kxc2 Ra4 35. Nb6 Rb4 36. d7 Rb2+ 37. Kc3 Rd8 38. Rb1 Rxa2 39. Rhe1 Rg2 40. Nd4 Nxd4 41. Kxd4 a2 42. Ra1 Rb2 43. Kc5 Rb5+ 44. Kxc6 Rxe5 45. Rxe5 Bxe5 46. Rxa2 f3 47. Nc4 Bg3 48. Nd6 Bxd6 49. Kxd6 g5 50. hxg5 Kg7 51. Ke7 Rxd7+ 52. Kxd7 Kg6 53. Ke6 Kxg5 54. Ke5 Kg4 55. Ke4 h4 56. Ke3 Kg3 57. Ra8 1-0